000 00602nam a2200157 4500
999 _c15931
_d15931
008 210119b ||||| |||| 00| 0 eng d
022 _a0732-8435
082 _aDPer 657.05 C33 Sept - Mar 2015, v. 85 - 86
100 _aReinstein, Alan.
_942750
245 _aAuditors' and management's new approach regarding the going concern assessment/
_cAlan Reinstein and Stefanie L. Tate
260 _aNew York:
_bThe New York State Society of CPA,
_c©2015.
300 _av86 n2, pages 50-53:
_billustrations;
_c28 cm.
650 _aAuditing.
_942751
700 _aTate, S. L.
_eAuthor.
_942752
942 _2ddc
_cPER